Drapeaux de Geokratos - Statistiques

Statistiques générales
  • Ce quiz a été pris 213 fois
  • Le résultat moyen est 11 sur 20
Statistiques - réponses
Par images Réponse % Correct
Achos
100%
Akaltie
100%
Anna
100%
Azur
100%
Canta
100%
Caratrad
100%
Carnavale
100%
Clovanie
100%
Confédération Miloise
100%
Empire du Nord
100%
Faravan
100%
Gallouèse
100%
Gondo
100%
Grand Kah
100%
Itzamatul
100%
Kartvélie
100%
Loduarie
100%
Lofoten
100%
Negara Strana
100%
Nouvelle-Communaterra
100%
Ordre de Wielźmin
100%
Péronas
100%
Polkême
100%
République Translavique
100%
Saint-Marquise
100%
Travie
100%
Uusimaa
100%
Youslévie
100%
Westalia
86%
Alguarena
83%
Wanmiri
83%
Antegrad
80%
Caribeña
80%
Nordfolklande
80%
Empire Xin
75%
Estado Novo de Goa
75%
État Valinoréen
75%
Fortuna
75%
Jashuria
75%
Karty
75%
Kaulthie
75%
Manche Silice
75%
Miridian
75%
Rache
75%
Rasken
75%
Transblêmie
75%
Drovolski
67%
Gradenbourg
67%
Grisolia
67%
Hotsaline
67%
Icamie
67%
Pal Ponantaise
67%
Pontarbello
67%
Port-Hafen
67%
Rimaurie
67%
Sterus
67%
Sylva
67%
Fujiwa
60%
Maronhi
60%
Novigrad
60%
Yorkshing
60%
Oblast de Zladingrad
57%
Sitadie
57%
Kölisburg
56%
Antérinie
50%
Avène
50%
Banairah
50%
Bergrun
50%
Burujoa
50%
Catholagne
50%
Cémétie
50%
EAU
50%
Estalie
50%
Grand Ling
50%
Iveri
50%
Kresetchnie
50%
Moritonie
50%
Ostara
50%
Philoséa
50%
République Valmontaise
50%
Samara
50%
Tanska
50%
Tcharnovie
50%
Transernikse
50%
Wazackstan
50%
Zélandia
50%
Finejouri
43%
Malisto
43%
Occidalie
43%
UC Sochacia
43%
Commune de Kotios
40%
Côte d'Assad
40%
Listonie
40%
Mandrarika
40%
Ramchourie
40%
Valkoïnenland
40%
Artyom
33%
Communes Unies du Paltoterra Oriental
33%
Eldoria
33%
Guadaires
33%
Kaulthie des Altars
33%
Lermandie
33%
Oskal
33%
Taqui-Quichu
33%
Vélèsie
33%
Amnestie
25%
Empire Ambarois
25%
Kronos
25%
Mokhaï
25%
Poëtoscovie
25%
Rosevosky
25%
Saint Empire Menkelt
25%
Shuharri
25%
Tahoku
25%
Translavya
25%
Villas et Tafanu
25%
Aykhanides
20%
Ligue Anticoloniale Akaltienne
17%
Mährenie
17%
SUCS
17%
Sud-Kazum
17%
Trangoskovir
17%
Althalj
0%
Empire rémien de Théodosine
0%
Esmea
0%
Finnetalva
0%
Hasparne
0%
Hvítneslånd
0%
Kinagi
0%
Kjhemet
0%
Osno
0%
Ouwanlinda
0%
Teyla
0%
Zijian
0%
Aucun quiz correspondant
Distribution des résultats
% des personnes avec chaque résultat
Percentile par nombre de réponses
Votre historique - résultats
Vous n’avez pas pris ce quiz